000 00579nam a2200205Ia 4500
999 _c4425
_d4425
001 11451040
003 OSt
005 20181205180046.0
008 841204n si 000 0 eng d
040 _aUPL
_cUPL
_dBSC
082 _a236
_bB821I
092 _a228
_bB821i
100 1 _aBransby, Lu Ann.
245 1 4 _aThe impending hour/
_cLu Ann Bransby.
250 _aInternational edition.
260 _aSingapore;
_bTimes Printers
_a[Oklahoma City, Oklahoma] :
_bThe Impending Hour [distributor]
_c[19?].
300 _a148 p.
_c22 cm.
650 0 _aRevelations.
942 _2ddc
_cBK